The Oxford handbook of law and politics /

With engaging contributions from major international scholars 'The Oxford Handbook of Law and Politics' provides the key point of reference for anyone working on the interception between law and political science.

Bibliographic Details
Other Authors: Caldeira, Gregory A., Kelemen, R. Daniel, Whittington, Keith E.
Format: eBook
Language:English
Published: Oxford : Oxford University Press, 2008.
Series:Oxford handbooks of political science.
Oxford handbooks online.
Subjects:
Online Access:Connect to the full text of this electronic book

MARC

Tag First Indicator Second Indicator Subfields
LEADER 00000cam a2200000 a 4500
001 in00004058366
005 20210728140105.0
006 m|||||o||d||||||||
007 cr |||||||||||
008 120704s2008 enka fo| 001 0 eng d
020 |a 9780191576980 (ebook) :  |c No price 
035 |a (StDuBDS)EDZ0000092043 
035 |a 5861220 
040 |a StDuBDS  |c StDuBDS  |e pn  |d UtOrBLW 
050 0 |a K487.P65  |b O97 2008 
082 0 4 |a 340.115  |2 23 
245 0 4 |a The Oxford handbook of law and politics /  |c edited by Keith E. Whittington, R. Daniel Kelemen, and Gregory A. Caldeira. 
246 3 0 |a Law and politics 
264 1 |a Oxford :  |b Oxford University Press,  |c 2008. 
300 |a 1 online resource (xii, 815 pages) :  |b illustrations. 
336 |a text  |b txt  |2 rdacontent 
337 |a computer  |b c  |2 rdamedia 
338 |a online resource  |b cr  |2 rdacarrier 
490 1 |a Oxford handbooks 
490 1 |a The Oxford handbooks of political science 
500 |a Electronic resource. 
504 |a Includes bibliographical references and index. 
520 8 |a With engaging contributions from major international scholars 'The Oxford Handbook of Law and Politics' provides the key point of reference for anyone working on the interception between law and political science. 
588 |a Description based on print version record. 
650 0 |a Law  |x Interpretation and construction.  |0 http://id.loc.gov/authorities/subjects/sh85075135 
650 0 |a Law  |x Political aspects.  |0 http://id.loc.gov/authorities/subjects/sh85075298 
650 0 |a Political questions and judicial power.  |0 http://id.loc.gov/authorities/subjects/sh85104427 
655 7 |a Electronic books.  |2 local 
700 1 |a Caldeira, Gregory A.  |0 http://id.loc.gov/authorities/names/n88191082 
700 1 |a Kelemen, R. Daniel.  |0 http://id.loc.gov/authorities/names/no2001033757 
700 1 |a Whittington, Keith E.  |0 http://id.loc.gov/authorities/names/n98092562 
776 0 8 |i Print version  |z 9780199208425 
830 0 |a Oxford handbooks of political science.  |0 http://id.loc.gov/authorities/names/no2006061367 
830 0 |a Oxford handbooks online.  |0 http://id.loc.gov/authorities/names/no2016007957 
856 4 0 |u http://proxy.library.tamu.edu/login?url=https://dx.doi.org/10.1093/oxfordhb/9780199208425.001.0001  |z Connect to the full text of this electronic book  |t 0 
999 f f |s 055d6479-b3d8-3676-bffa-c62e5b2abaa0  |i d79c075b-7149-3e5a-be20-75cefe1516a5  |t 0 
952 f f |a Texas A&M University  |b College Station  |c Electronic Resources  |d Available Online  |t 0  |e K487.P65 O97 2008  |h Library of Congress classification 
998 f f |a K487.P65 O97 2008  |t 0  |l Available Online